| 000 | 00644cam a22002531 4500 | ||
|---|---|---|---|
| 001 | sa 67004779 | ||
| 003 | DLC | ||
| 005 | 20260227112351.0 | ||
| 008 | 910226s1966 ii 000 0 urdr | ||
| 010 | _asa 67004779 | ||
| 025 | _aPL480:I-U-1800 | ||
| 035 | _a(OCoLC)23159224 | ||
| 040 |
_aDLC _cWaU _dOCoLC _dDLC |
||
| 042 | _apremarc | ||
| 043 | _aa-af--- | ||
| 050 | 0 | 0 |
_aDS427 _b.S5 |
| 100 | 1 | _aṢiddīqī, Muḥammad Ṣādiq Ḥusain. | |
| 245 | 1 | 0 | _aTārīkh-i Hind. |
| 260 |
_a[Lakhnoʼ, _c1966?] |
||
| 300 |
_a792 p. _c18 cm. |
||
| 500 | _aIn Urdu. | ||
| 650 | 0 |
_aMuslims _zIndia _xHistory. |
|
| 651 | 0 |
_aAfghanistan _xHistory. |
|
| 999 |
_c74758 _d74758 |
||